| 000 | 00576nam a2200205Ia 4500 | ||
|---|---|---|---|
| 003 | GCL | ||
| 008 | 140319s9999 xx 000 0 ara d | ||
| 040 |
_aGCL / _cGCL |
||
| 082 | 0 | 4 |
_a320.5 _bم م |
| 100 | 1 | _aمحمود امين العالم | |
| 245 | 1 | 0 |
_aمعارك فكرية / _cمحمود امين العالم |
| 300 | _a225 ص | ||
| 490 |
_aكتاب الهلال _v0 |
||
| 650 | 0 | 4 | _aالماركسية |
| 650 | 0 | 4 | _aالفلسفة |
| 650 | 0 | 4 | _aالاشتراكية |
| 650 | 0 | 4 | _aالديمقراطية |
| 650 | 0 | 4 | _aالسيبرنيطيقا |
| 942 |
_2ddc _cBK |
||
| 999 |
_c50611 _d50611 |
||